|
|
|
|
| LEADER |
00000nam0a2200000 4500 |
| 001 |
200291 |
| 005 |
20231101224938.0 |
| 010 |
|
|
|a 9785987045749
|
| 035 |
|
|
|a (RuTPU)RU\TPU\book\218356
|
| 090 |
|
|
|a 200291
|
| 100 |
|
|
|a 20110904d2011 m y0rusy50 ca
|
| 101 |
0 |
|
|a rus
|
| 102 |
|
|
|a RU
|
| 105 |
|
|
|a a j 001zy
|
| 200 |
1 |
|
|a Металлы в окружающей среде. Оценка эколого-геохимических изменений
|e сборник задач
|f В. А. Алексеенко, А. В. Суворинов, Е. В. Власова
|
| 210 |
|
|
|a Москва
|c Логос
|d 2011
|
| 215 |
|
|
|a 216 с.
|c ил.
|
| 320 |
|
|
|a Библиогр.: с. 214-215.
|
| 330 |
|
|
|a Представлены задачи по актуальной теме экологии и геохимии: эколого-геохимическим изменениям в биосфере и их оценке. Разбору задач и постановке самостоятельных заданий предшествуют информация по темам глав и решение типовых задач. Большинство задач составлено по данным, полученным при выполнении научно-исследовательских работ. Для студентов, изучающих дисциплины "Химия окружающей среды", "Химические основы экологии", "Экологическая геохимия".
|
| 606 |
1 |
|
|a Химическая экология
|2 stltpush
|3 (RuTPU)RU\TPU\subj\39145
|9 59337
|
| 610 |
1 |
|
|a задачи
|
| 610 |
1 |
|
|a окружающая среда
|
| 610 |
1 |
|
|a металлы
|
| 610 |
1 |
|
|a эколого-геохимические изменения
|
| 610 |
1 |
|
|a геохимические исследования
|
| 610 |
1 |
|
|a погрешности
|
| 610 |
1 |
|
|a химические элементы
|
| 610 |
1 |
|
|a распределение
|
| 610 |
1 |
|
|a геохимические системы
|
| 610 |
1 |
|
|a фоновое содержание
|
| 610 |
1 |
|
|a аномальное содержание
|
| 610 |
1 |
|
|a количественная оценка
|
| 610 |
1 |
|
|a геохимические ландшафты
|
| 675 |
|
|
|a 504.05(076)
|v 3
|
| 700 |
|
1 |
|a Алексеенко
|b В. А.
|g Владимир Алексеевич
|
| 701 |
|
1 |
|a Суворинов
|b А. В.
|g Александр Владимирович
|
| 701 |
|
1 |
|a Власова
|b Е. В.
|g Елена Владимировна
|
| 801 |
|
1 |
|a RU
|b 63413507
|c 20110904
|
| 801 |
|
2 |
|a RU
|b 63413507
|c 20150709
|g RCR
|
| 900 |
|
|
|a Химия окружающей среды
|
| 900 |
|
|
|a Химические основы экологии
|
| 900 |
|
|
|a Экологическая геохимия
|
| 942 |
|
|
|c BK
|
| 959 |
|
|
|a 73/20110904
|d 2
|e 220,00
|f ЧЗТЛ:1
|f АНЛ:1
|
| 959 |
|
|
|a 102/20111229
|d 10
|e 220,00
|f УФ:10
|